| 000 | 00355 a2200121 4500 | ||
|---|---|---|---|
| 001 | ART_3676 | ||
| 005 | 20260410161717.0 | ||
| 008 | 260409a | ||
| 245 | 1 | 0 | _aDe desafiliaciones y desligamientos |
| 100 | 1 | _aCraviotti, Clara | |
| 700 | 1 | _aGras, Carla | |
| 773 | 0 |
_tDesarrollo económico _g- Vol. 46, Nº 181 (abr./jun. 2006) _wREV1174 |
|
| 999 |
_c16607 _d16607 |
||